Statistiche per Gruppi di Sei #1

Clicka qui per fare il quiz!

Statistiche generali

  • Questo quiz è stato fatto 4.603 volte
  • Il punteggio medio è 29 su 48

Statistiche sulle risposte

GroupRisposta% Corretto
Paesi fondatori dell'UEFrancia
98%
Paesi fondatori dell'UEItalia
98%
Pezzi degli scacchiRe
98%
Paesi fondatori dell'UEGermania
97%
Pezzi degli scacchiRegina
96%
Pezzi degli scacchiCavallo
94%
Capitali che iniziano per RRoma
94%
Pezzi degli scacchiTorre
90%
Paesi fondatori dell'UEBelgio
84%
Pezzi degli scacchiPedone
83%
Pezzi degli scacchiAlfiere
82%
Categorie dei Premi NobelPace
81%
Paesi fondatori dell'UEPaesi Bassi
81%
Città che ospitano le più importanti maratoneNew York
78%
Categorie dei Premi NobelLetteratura
77%
Categorie dei Premi NobelFisica
75%
Paesi sul Mar NeroRussia
72%
Nazioni con un punto cardinale nel nomeCorea del Nord
71%
Nazioni con un punto cardinale nel nomeCorea del Sud
71%
Gas NobiliElio
71%
Paesi sul Mar NeroTurchia
70%
Paesi sul Mar NeroUcraina
69%
Paesi fondatori dell'UELussemburgo
67%
Nazioni con un punto cardinale nel nomeSud Sudan
66%
Paesi sul Mar NeroRomania
62%
Nazioni con un punto cardinale nel nomeSudAfrica
61%
Categorie dei Premi NobelChimica
60%
Paesi sul Mar NeroBulgaria
59%
Paesi sul Mar NeroGeorgia
57%
Categorie dei Premi NobelMedicina
53%
Capitali che iniziano per RReykjavík
52%
Città che ospitano le più importanti maratoneLondra
50%
Nazioni con un punto cardinale nel nomeTimor Est
50%
Capitali che iniziano per RRiga
49%
Gas NobiliNeon
48%
Nazioni con un punto cardinale nel nomeMacedonia del Nord
44%
Gas NobiliArgon
39%
Capitali che iniziano per RRabat
36%
Gas NobiliXenon
35%
Città che ospitano le più importanti maratoneBoston
33%
Città che ospitano le più importanti maratoneBerlino
32%
Città che ospitano le più importanti maratoneTokyo
29%
Categorie dei Premi NobelEconomia
27%
Gas NobiliRadon
25%
Capitali che iniziano per RRiyadh
24%
Città che ospitano le più importanti maratoneChicago
17%
Gas NobiliKrypton
12%
Capitali che iniziano per RRoseau
8%

Distribuzione punteggi

Percentile per numero di risposta

Percentuale di utenti per punteggio

I tuoi punteggi nel tempo

Non hai fatto questo quiz